000 00176nam a2200097Ia 4500
100 _a#N/A
942 _cBK
245 _aLinux for You
260 _b#N/A
_c2003
546 _aENGLISH
999 _c32592
_d32592